Caracterización de dos suelos del valle del arroyo Napostá en relación a su posible uso /

Guardado en:
Autor Principal: Leiva, María Laura.
Autor Corporativo: Universidad Nacional del Sur. Departamento de Agronomía.
Otros Autores: Echarry, María Vanina.
Formato: Libro
Idioma:Spanish
Publicado: Bahía Blanca, 2003.
Etiquetas: Agregar Etiqueta
Sin Etiquetas, Sea el primero en etiquetar este registro!
LEADER 00836nam a22001815a 4500
001 EEA.libagro007093
005 20170503113713.0
008 130809s2003####ag#a##########000#0#spa#d
082 0 4 |a 631.478212 
100 1 |a Leiva, María Laura. 
245 1 0 |a Caracterización de dos suelos del valle del arroyo Napostá en relación a su posible uso /  |c María Laura Leiva, María Vanina Echarry. 
260 |a Bahía Blanca,  |c 2003. 
300 |a 41 h. :  |b il. ;  |c 30 cm. 
500 |a Trabajo final (Técnico Superior Agrario en Suelos y Aguas) -- Universidad Nacional del Sur. Departamento de Agronomía, 2003. 
700 1 |a Echarry, María Vanina. 
710 2 |a Universidad Nacional del Sur.  |b Departamento de Agronomía. 
859 |a AR-BbBCA  |b BIB. AGRONOMIA  |h 631.478212  |i L553  |p 2003/4464 
859 |a AR-BbBCA  |b BIB. AGRONOMIA  |h 631.478212  |i L553  |p 2003/4465  |t Ej.2